000 00297nam a2200133 i 4500
001 bg
100 1 _aTURKOWSKI, M.
245 0 _aPomiary przepływów /
_cM. Turkowski.
260 _aWarszawa,
_c1987.
040 _cBPK
041 _apol
942 _cKS
008 s pl f |000 0 pol
999 _c3574
_d3574
856 _uhttp://koha.tu.koszalin.pl/cgi-bin/koha/opac-detail.pl?biblionumber=3574
_yKatalog online BPK